Statistiques concernant Les records des clubs en Ligue 1

Cliquez ici pour prendre le quiz!

Statistiques générales

  • Ce quiz a été pris 357 fois
  • Le résultat moyen est 14 sur 25

Statistiques - réponses

RecordClub% Correct
Record d'invincibilité à l'extérieur (18)AS Saint-Étienne et Paris Saint-Germain
99%
Record d'invincibilité (36)Paris Saint-Germain
98%
Plus large victoire à l'extérieur (0-9)Paris Saint-Germain
98%
Plus grand nombre de points avec la victoire à 3 points (96)Paris Saint-Germain
98%
Plus grande différence de buts sur une saison (+83)Paris Saint-Germain
98%
Plus petit nombre de buts encaissés sur une saison (19)Paris Saint-Germain
98%
Plus grand nombre de victoires sur une saison (30)Paris Saint-Germain
98%
Plus grand nombre de titres d'affilée (7)Olympique Lyonnais
77%
Plus grand nombre de saisons (66)Olympique de Marseille et FC Sochaux-Montbéliard
75%
Plus grand nombre de titres (10)AS Saint-Étienne
62%
Plus grand nombre de points avec la victoire à 2 points (60)FC Nantes et Stade de Reims
58%
Record d'invincibilité sur une saison (32)FC Nantes
54%
Record d'invincibilité à domicile (92)FC Nantes
54%
Plus grand nombre de saisons d'affilée (44)FC Nantes
54%
Plus petit nombre de défaites sur une saison (1)FC Nantes
54%
Plus grand nombre de points du dernier relégué (44)AS Monaco
45%
Plus grand nombre de victoires d'affilée (14)FC Girondins de Bordeaux
44%
Plus grand nombre de matchs nuls sur une saison (20)FC Girondins de Bordeaux
44%
Plus petit nombre de points avec la victoire à 3 points (17)RC Lens
26%
Plus large victoire à domicile (12-1)FC Sochaux-Montbéliard
17%
Plus grand nombre de buts marqués sur une saison (118)RC Paris
9%
Plus grand nombre de défaites d'affilée (12)Grenoble Foot 38 et CA Paris
8%
Plus grand nombre d'expulsions pour un club sur une saison (14)Montpellier HSC
7%
Plus petit nombre de points avec la victoire à 2 points (15)Stade Brestois 29
5%
Plus petit nombre de buts marqués sur une saison (18)Stade Français
2%

Distribution des résultats

Percentile par nombre de réponses

% des personnes avec chaque résultat

Votre développement - résultats

Vous n’avez pas pris ce quiz